00884 2200337 4500001002100000005001500021035002000036007000300056008004100059040001700100100002300117245007700140250001200217300003800229020002200267041000800289082001200297084001800309090002200327260004500349650001100394850001000405990001600415990001600431990001600447990001600463990001600479990001600495990001600511990001900527INLIS00000000000310620260528084317 a0010-0321000069ta260528 0  aSBPUPADbind0 aValentinus Gunawan1 aSekilas tentang Adat dan Budaya Tionghoa Indonesia /cValentinus Gunawan a.-Cet.1 axxix, 86 hlm :billus. ;c20,5 cm a978-802-8742-45-0 aind a306.951 a306.951 VAL s a306.951 VAL s 8-4 a.--Sumatera Barat :bJasa Mandiri,c2012 4aBudaya aPUPAD a00000025454 a00000025455 a00000025456 a00000025457 a00000036956 a00000039827 a00000039828 a30.493/DPK/201